| 000 | 00443nam a2200145 a 4500 | ||
|---|---|---|---|
| 001 | 1277 | ||
| 003 | CDMR | ||
| 005 | 20130116135208.0 | ||
| 008 | 130130s1998||||||||||||||||||||||||||||d | ||
| 040 |
_aCDMR _bcat _cCPC GIRONA |
||
| 100 | 1 |
_aForcadell Saport, Josep _9994 |
|
| 245 | 1 | 0 |
_aFactors clau de l'evolució de la premsa diaria a Catalunya _bDe la llei Fraga a l'actualitat _cForcadell, J. , Peya, G. / Sanjuan, S. |
| 260 | _c1998 | ||
| 942 | _cMON | ||
| 999 |
_c1277 _d1277 |
||